Llevé a la luna a pasear / (Record no. 30898)

MARC details
000 -LEADER
fixed length control field 02448cam a2200517Ii 4500
001 - CONTROL NUMBER
control field 562656
003 - CONTROL NUMBER IDENTIFIER
control field OSt
005 - DATE AND TIME OF LATEST TRANSACTION
control field 20250313133606.0
007 - PHYSICAL DESCRIPTION FIXED FIELD--GENERAL INFORMATION
fixed length control field Ost
008 - FIXED-LENGTH DATA ELEMENTS--GENERAL INFORMATION
fixed length control field 140102t20142014mau j 000 1 spa
010 ## - LIBRARY OF CONGRESS CONTROL NUMBER
LC control number 2013048624
020 ## - INTERNATIONAL STANDARD BOOK NUMBER
International Standard Book Number 9781782850847
020 ## - INTERNATIONAL STANDARD BOOK NUMBER
International Standard Book Number 1782850848
035 ## - SYSTEM CONTROL NUMBER
System control number (OCoLC)866930684
040 ## - CATALOGING SOURCE
Modifying agency UtOrBLW
Transcribing agency USA
041 1# - LANGUAGE CODE
Language code of text/sound track or separate title spa
Language code of original eng
049 ## - LOCAL HOLDINGS (OCLC)
Holding library IFAA
099 ## - LOCAL FREE-TEXT CALL NUMBER (OCLC)
Classification number ESPANOL PICTURE BOOKS CURTIS 2014
999 ## - SYSTEM CONTROL NUMBERS (KOHA)
Koha Dewey Subclass [OBSOLETE] ESPANOL PICTURE BOOKS CURTIS 2014
100 1# - MAIN ENTRY--PERSONAL NAME
Personal name Curtis, Carolyn,
Dates associated with a name 1958-
Relator term author.
240 10 - UNIFORM TITLE
Uniform title <a href="I took the moon for a walk.">I took the moon for a walk.</a>
Language of a work Spanish
245 10 - TITLE STATEMENT
Title Llevé a la luna a pasear /
Statement of responsibility, etc. escrito por Carolyn Curtis ; ilustrado por Alison Jay ; traducido por María A. Pérez.
264 #1 - PRODUCTION, PUBLICATION, DISTRIBUTION, MANUFACTURE, AND COPYRIGHT NOTICE
Place of production, publication, distribution, manufacture Cambridge, MA :
Name of producer, publisher, distributor, manufacturer Barefoot Books,
Date of production, publication, distribution, manufacture, or copyright notice 2014.
300 ## - PHYSICAL DESCRIPTION
Extent 1 volume (unpaged) :
Other physical details color illustrations ;
Dimensions 27 cm
336 ## - CONTENT TYPE
Content type term text
Content type code txt
Source rdacontent
336 ## - CONTENT TYPE
Content type term still image
Content type code sti
Source rdacontent
337 ## - MEDIA TYPE
Media type term unmediated
Media type code n
Source rdamedia
338 ## - CARRIER TYPE
Carrier type term volume
Carrier type code nc
Source rdacarrier
500 ## - GENERAL NOTE
General note Originally published in English in 2004 under title: I took the moon for a walk.
520 ## - SUMMARY, ETC.
Summary, etc. A boy and the moon share a walk through his neighborhood.
520 ## - SUMMARY, ETC.
Summary, etc. "Anoche llevé a la Luna a pascar. Me siguió como una cometa dispuesta a volar, aunque no vi cuerda de la que pudiera halar, cuando llevé a la Luna a pascar."--P.[4] of cover.
650 #0 - SUBJECT ADDED ENTRY--TOPICAL TERM
Topical term or geographic name as entry element Stories in rhyme
Form subdivision Juvenile literature.
650 #7 - SUBJECT ADDED ENTRY--TOPICAL TERM
Topical term or geographic name as entry element Cuentos en rima
Form subdivision Literatura juvenil.
Source of heading or term bidex
651 #0 - SUBJECT ADDED ENTRY--GEOGRAPHIC NAME
Geographic name Moon
Form subdivision Juvenile fiction.
651 #7 - SUBJECT ADDED ENTRY--GEOGRAPHIC NAME
Geographic name Luna
Form subdivision Novela juvenil.
Source of heading or term bidex
700 1# - ADDED ENTRY--PERSONAL NAME
Personal name Jay, Alison,
Relator term illustrator.
700 1# - ADDED ENTRY--PERSONAL NAME
Personal name Pérez, María,
Relator term translator.
902 ## - LOCAL DATA ELEMENT B, LDB (RLIN)
a Backstage 2015
942 ## - ADDED ENTRY ELEMENTS (KOHA)
Koha item type Libro/Book
Holdings
Withdrawn status Lost status Damaged status Not for loan Home library Current library Date acquired Inventory number Total Checkouts Full call number Barcode Date last seen Price effective from Koha item type
        San Juan Del Sur -- Mobile San Juan Del Sur -- Mobile 13/03/2025 Inventory date: 13-3-25   JI 30030791 13/03/2025 13/03/2025 Libro/Book

Powered by Koha